000 01347 a2200313 4500
001 200130500
999 _c200130500
_d30744
003 TR-AnTOB
005 20251014073924.0
020 _a9789756643334
040 _aTR-AnTOB
041 _atur
050 _aK3242.A35
_bA83 2011
090 _aK3242.A35 A83 2011
100 1 _aAtaman, Hakan
_992874
245 1 0 _aAyrımcılığa karşı bir adım at!
_b(taslak): sivil toplum örgütleri için ayrımcılığa karşı farkındalık yaratmaya yönelik temel kavramlar, kaynaklar, formal olmayan yöntemler ve faaliyetler hakkında el kitabı /
_cHakan Ataman.
246 _aSivil toplum örgütleri için ayrımcılığa karşı farkındalık yaratmaya yönelik temel kavramlar, kaynaklar, formal olmayan yöntemler ve faaliyetler hakkında el kitabı.
264 1 _aAnkara:
_bİnsan Hakları Gündemi Derneği,
_c2011.
300 _a89 sayfa:
_btablo;
_c24 cm.
650 0 _aDiscrimination
_xLaw and legislation
_978899
650 7 _aAyrımcılık
_xHukuk ve mevzuat
_2etuturkob
_978901
650 0 _aHuman rights
_98986
650 7 _aİnsan hakları
_2etuturkob
_911238
650 0 _aSivil toplum örgütleri
_97440
650 0 _aNon-governmental organizations
_965167
700 1 _aAtaman, Hakan
_992874
710 2 _aİnsan Hakları Gündemi Derneği (Türkiye)
_993064
942 _cBK